The right way to lose a war : America in an age of unwinnable conflicts /

Bibliographic Details
Main Author: Tierney, Dominic, 1977-
Format: Book
Language:English
Published: New York : Little, Brown and Company, [2015]
Edition:First edition.
Subjects:

MARC

Tag First Indicator Second Indicator Subfields
LEADER 00000cam a2200000Ii 4500
001 in00003529921
005 20151105213301.0
008 140606t20152015nyua b 001 0 eng d
010 |a  2015932906 
020 |a 9780316254885 :  |c $28.00 
020 |a 0316254886 
035 |a (OCoLC)ocn881140723 
040 |a YDXCP  |e rda  |c YDXCP  |d BWK  |d BDX  |d TNH  |d ABG  |d UtOrBLW 
043 |a n-us--- 
049 |a TXAM 
050 4 |a E181  |b .T55 2015 
082 0 |a 355.00973  |2 23 
100 1 |a Tierney, Dominic,  |d 1977- 
245 1 4 |a The right way to lose a war :  |b America in an age of unwinnable conflicts /  |c Dominic Tierney. 
250 |a First edition. 
264 1 |a New York :  |b Little, Brown and Company,  |c [2015] 
264 4 |c ©2015 
300 |a xiii, 384 pages :  |b illustrations ;  |c 25 cm. 
336 |a text  |b txt  |2 rdacontent 
337 |a unmediated  |b n  |2 rdamedia 
338 |a volume  |b nc  |2 rdacarrier 
504 |a Includes bibliographical references and index. 
505 0 |a The wrong way to lose a war. The Dark Age ; Fiasco ; The landscape of loss -- The right way to lose a war. Laying the groundwork ; Storytelling ; Surge ; Talk ; Leave ; Aftermath -- The right war to win a war. No more fiascos. 
650 0 |a War  |x Termination. 
650 0 |a War  |x Psychological aspects. 
650 0 |a War  |x Public opinion. 
650 0 |a Public opinion  |z United States. 
651 0 |a United States  |x History, Military. 
650 0 |a National characteristics, American. 
945 |a PromptCat  |b 226325 
946 |a stk 
947 |a A14842873680 
948 |a cataloged  |b h  |c 2015/6/30  |d c  |e dmitchel  |f 4:44:44 pm 
994 |a 92  |b TXA 
999 |a MARS 
999 f f |s 0db40e8f-d96f-39be-aa65-1220942dd4fb  |i 50f7ad0e-3b3a-3e4d-bc81-63c6d7372993  |t 0 
952 f f |p normal  |a Texas A&M University  |b College Station  |c Sterling C. Evans Library  |d Evans: Library Stacks  |t 0  |e E181 .T55 2015  |h Library of Congress classification  |i unmediated -- volume  |m A14842873680 
998 f f |a E181 .T55 2015  |t 0  |l Evans: Library Stacks